Statistics for Born in Portland/Oregon

Click here to take the quiz!

General Stats

  • This quiz has been taken 15 times
  • The average score is 8 of 23

Answer Stats

HintAnswer% Correct
Former figure skater, banned for life after the controversy surrounding the attack on Nancy Kerrigan, she is portrayed by Margot Robbie in "I, Tonya"1970Tonya Harding
90%
Creator of "The Simpsons" and "Futurama"1954Matt Groening
80%
Billionaire, co-founder and former CEO of Nike and owner of stop motion film production company Laika1938Phil Knight
50%
Lithuanian American basketball player who plays for the Sacramento Kings1996Domantas Sabonis
40%
Actress, known for her roles as Hayley in "Victorious" and Abby Deveraux in "Days of Our Lives"1992Jillian Clare
40%
Actress, known for her role as Deandra "Sweet Dee" Reynolds in "It's Always Sunny in Philadelphia"1975Kaitlin Olson
40%
Winner of the Nobel Prize in Chemistry and the Nobel Peace Prize, only person besides Marie Curie to be awarded Nobel Prizes in different fields1901Linus Pauling
40%
Defensive tackle who has played for the Lions, Dolphins, Rams and Buccaneers, he was at one time the highest paid defensive player in NFL history1987Ndamukong Suh
40%
Lead guitarist of Kiss1960Tommy Thayer
40%
Former power forward who holds the record for most consecutive regular-season games played and winner of three championships with the Los Angeles Lakers1963A. C. Green
30%
Former decathlete and two-time Olympic champion1988Ashton Eaton
30%
Inventor of the computer mouse1925Douglas Engelbart
30%
American-Nigerian head coach of the Boston Celtics since 20211977Ime Udoka
30%
Actor, "Project X" "Me and Earl and the Dying Girl", he has the same name as a famous German writer1991Thomas Mann
30%
Fifth-most followed individual on TikTok, YouTuber, illusionist and filmmaker1990Zach King
30%
Norwegian American inventor of the jet ski1933Clayton Jacobson II
20%
Power forward who plays for the Portland Trail Blazers1994Jerami Grant
20%
Actor, "Avatar" "Bones" "Dodgeball: A True Underdog Story"1977Joel David Moore
20%
Actress, known for her roles as Jody Mills in "Supernatural" and Carey Martin in "The Suite Life of Zack & Cody"1969Kim Rhodes
20%
Actor, known for his role as Zach Stevens in "The O.C."1983Michael Cassidy
20%
Founder of Hunt's Foods and one of the wealthiest men in America at one time 1907Norton Simon
20%
Actress, she played her role as Audrey Match Hardy in "General Hospital" over 50 years1929Rachel Ames
20%
Current world record holder in the shot put and two times Olympic gold medal winner1992Ryan Crouser
20%

Score Distribution

Percentile by Number Answered

Percent of People with Each Score

Your Score History

You have not taken this quiz